000 00618nam a2200265Ia 4500
005 20260121172725.0
008 008 260114s9999 xx 000 0 eng d
020 _a9783030792138
037 _aEBOOK
040 _aCRL
040 _beng
040 _cCRL
041 _2eng
041 _aeng
084 _qCRL
100 _aSteven A. Hirschler
_91091938
245 0 _aHostile Homes
260 _bSpringer
260 _bSpringer
260 _c2021
856 _uhttps://link.springer.com/openurl?genre=book&isbn=978-3-030-79213-8
942 _cEBOOK
999 _c1657678
_d1657678